LEADER 01519nam 2200409 450 001 000015777 005 20050718115600.0 010 $a0-444-89740-2 100 $a20030801d1993----km-y0itay0103----ba 101 0 $aeng 102 $aNL 200 1 $aDimension and extensions$fJ. M. Aarts, T. Nishiura 210 $aAmsterdam [etc.]$cNorth-Holland$d1993 215 $aXII, 331 p.$d23 cm. 225 2 $aNorth-Holland mathematical library$v48 410 0$12001$aNorth-Holland mathematical library 606 $aTopologia 676 $a514.32$v(21. ed.)$9Topologia. Sistemi e spazi 691 $a54-XX$9General topology 691 $a54F45$9General topology. Special properties. Dimension theory 691 $a54D35$9General topology. Fairly general properties. Extensions of spaces (compactifications, supercompactifications, completions, etc.) 700 1$aAarts,$bJ. M.$060576 701 1$aNishiura,$bT.$060577 801 0$aIT$bUniversitą della Basilicata - B.I.A.$gRICA$2unimarc 912 $a000015777 996 $aDimension and extensions$982963 997 $aUNIBAS BAS $aMONSCI BAS $aSCIENZE CAT $aEXT003$b01$c20030801$lBAS01$h1652 CAT $c20050601$lBAS01$h1755 CAT $abatch$b01$c20050718$lBAS01$h1052 CAT $c20050718$lBAS01$h1111 CAT $c20050718$lBAS01$h1142 CAT $c20050718$lBAS01$h1156 FMT Z30 -1$lBAS01$LBAS01$mBOOK$1BASA5$ADipartimento Matematica$2GEN$BCollezione generale$3MAT$62706$5M2706$820030801$f51$FRiservati LEADER 01182nam0 22002771i 450 001 RML0291193 005 20231121125736.0 100 $a20121121d1976 ||||0itac50 ba 101 | $aita 102 $ait 181 1$6z01$ai $bxxxe 182 1$6z01$an 200 1 $a˜Il œsistema scolastico italiano$ela realtą di oggi e le prospettive di partecipazione, sperimentazione e prgogrammazione$fV.Telmon,E.Agostini,G.Balduzzi,F.Bochicchio 210 $aFirenze $cLe Monnier $d©1976 215 $a141 p.$d20 cm 225 | $aPiccola enciclopedia di scienze dell'educazione. - Firenze $eLe Monnier 410 0$1001RML0331668$12001 $aPiccola enciclopedia di scienze dell'educazione. - Firenze $eLe Monnier 702 1$aTelmon$b, Vittorio$3RMLV188237 801 3$aIT$bIT-01$c20121121 850 $aIT-FR0017 899 $aBiblioteca umanistica Giorgio Aprea$bFR0017 912 $aRML0291193 950 0$aBiblioteca umanistica Giorgio Aprea$d 52CIS 10/544$e 52VM 0000606715 VM barcode:00048969. - Inventario:5503 MAGVM$fA $h20060821$i20121204 977 $a 52 996 $aSistema scolastico italiano$9453541 997 $aUNICAS